000
00305nam a22001337a 4500
008
181019b xxu||||| |||| 00| 0 eng d
020
_a
9780415957618
041
_a
eng
080
_a
370
100
_a
47
101
_a
EDU
245
_a
Teaching Language English Learners
_c
Cruz.B.C
942
_2
udc
_c
BK
999
_c
50173
_d
50173